000
00275nam a22001337a 4500
008
170622b xxu||||| |||| 00| 0 eng d
020
_a
9780300083408
041
_a
eng
080
_a
94
100
_a
16
101
_a
SHH
245
_a
TALIBAN
_c
RASHID,A
942
_2
udc
_c
BK
999
_c
18817
_d
18817